000 01338 a2200205 4500
001 59508
005 20260407155849.0
008 260407a1965 arg spa d
003 AR-UNSa-BCEJYS
040 _aAR-UNSa-BCEJYS
_bspa
_cAR-UNSa-BCEJYS
080 _a339.9
_xEconomía internacional en general. Relaciones económicas internacionales. Economía mundial
245 1 0 _aLas naciones proletarias
250 _a2a. ed.
264 1 _aMadrid :
_bTecnos
_c1965
300 _a184 p.
_c23 cm.
505 _aPrimera parte: Las naciones pobres y la expoliación: 1. ¿Pauperización del “Tercer mundo”? – 2. La política de “José” – 3. “Fifty-Fifty” – 4. Las reformas agrarias o la tierra de los condenados – 5. Del intermediario a la cooperativa – 6. Malthus y las naciones proletarias – Segunda Parte: los caminos del crecimiento: 7. Estimación del crecimiento – 8. El ahorro de los pueblos pobres – 9. “El cielo te ayudará” – 10. El papel del capital privado – 11. Elementos de una tecnología del desarrollo – 12. La ayuda intelectual – 13. Condiciones psicológicas y políticas – 14. Intereses políticos en juego – 15. Intereses económicos en juego – 16. ¿Hacia una conjuración universal?
942 _cBK
590 _aniveau_biblio:m niveau_hierar:0
100 1 _aMoussa, Pierre
999 _c6714
_d6714